Kemahiran memimpin

Bibliographic Details
Main Author: Zainuddin b. Zakaria
Corporate Author: Title
Other Authors: Ziadatul Hidayat bt Zakaria
Format: Book
Published: Kuala Lumpur : PTS Professional Publishing , 2006
Subjects:

MARC

LEADER 00000cam a2200000 7i4500
001 0000012055
005 20071126.0
008 071126
020 |a 9833376274 
090 0 0 |a 658.4092   |b ZAI 
100 0 |a Zainuddin b. Zakaria 
245 1 0 |a Kemahiran memimpin   |c Zainuddin b. Zakaria, Ziadatul Hidayat bt Zakaria 
260 |a Kuala Lumpur :   |b PTS Professional Publishing ,   |c 2006 
650 0 |a Leadership 
650 0 |a Malay fiction 
700 0 |a Ziadatul Hidayat bt Zakaria 
710 0 |a Title 
999 |a 0000922336   |b Book   |c Adult Collection   |e Cawangan Bukit Gambir 
999 |a 0000922337   |b Book   |c Adult Collection   |e Cawangan Bukit Gambir 
999 |a 0001004215   |b Book   |c Adult Collection   |e Cawangan Urban Transformation Centre 
999 |a 0001004217   |b Book   |c Adult Collection   |e Perbadanan Perpustakaan Awam Johor 
999 |a 0001004218   |b Book   |c Adult Collection   |e Perbadanan Perpustakaan Awam Johor 
999 |a 0001004219   |b Book   |c Adult Collection   |e Perbadanan Perpustakaan Awam Johor 
999 |a 0001010477   |b Book   |c Adult Collection   |e Cawangan Bandar Tenggara 
999 |a 0001014672   |b Book   |c Adult Collection   |e Cawangan Pontian